POSÚDENIE ZOSTATKOVEJ ŽIVOTNOSTI CHLADIČOV PLYNU KOMPRESOROVÝCH STANÍC

Bibliographic Details
Main Authors: Trebuňa, František, 1947- (Author), Bigoš, Peter, 1949- (Author), Bocko, Jozef, 1959- (Author), Jurica, Vladimír, 1938- (Author), Ritók, Juraj, 1966- (Author)
Format: Article
Language:Slovak

MARC

LEADER 00000nab a2200000 a 4500
001 vtls011113495
003 SK-MaSNL
005 20260303143610.0
008 230222|2000 xo |||||||||||||||||slo|
015 |a SNBRB 
035 |a (uuid)f9bd4648-0bbb-4cdd-8370-99356a04f8a2 
035 |a (urnnbn)urn:nbn:sk:snk:ar-a08htf 
035 |a urn:nbn:sk:snk-ab9k5n 
040 |a SNKBUCL  |b slo  |c SNKBUCL  |e AACR2 
041 0 |a slo 
044 |a xo  |c SK 
100 1 |a Trebuňa, František,  |d 1947-  |4 aut  |9 103471 
245 1 0 |a POSÚDENIE ZOSTATKOVEJ ŽIVOTNOSTI CHLADIČOV PLYNU KOMPRESOROVÝCH STANÍC  |c František Trebuňa, Peter Bigoš, Jozef Bocko, Vladimír Jurica, Juraj Ritók 
700 1 |a Bigoš, Peter,  |d 1949-  |4 aut  |9 105559 
700 1 |a Bocko, Jozef,  |d 1959-  |4 aut  |9 122544 
700 1 |a Jurica, Vladimír,  |d 1938-  |4 aut  |9 205103 
700 1 |a Ritók, Juraj,  |d 1966-  |4 aut  |9 221964 
773 0 |t Acta Mechanica Slovaca  |g Roč. 4, č. 4 (2000), s. 5-18 
954 |a odborná, vedecká literatúra pôvodná (slovenská)  |2 lita 
958 |a OND 
958 |a EUIPO 
958 |a article13 
999 |c 1991239  |d 1993169